Plantas medicinales, medicina natural, alimentación y cáncer.

Збережено в:
Бібліографічні деталі
Автор: Chateauneuf Deglin, Rolando Alfredo (profesor guía)
Інші автори: Chateauneuf, Eduardo Williams (colaborador)
Формат: Книга
Опубліковано: Santiago, Chile: Ocho Libros, 2019.
Редагування:Primera edición
Предмети:
Теги: Додати тег
Немає тегів, Будьте першим, хто поставить тег для цього запису!

MARC

LEADER 00000nam a22000007a 4500
003 CL-VaPUC
005 20230920134933.0
008 220830t2019 ||||| |||| 00| 0 eng d
999 |c 438585  |d 438583 
020 |a 978-956-335-492-8 
040 |c Pontificia Universidad Católica de Valparaíso 
082 |2 22  |a 633.88 CHA 2019 
100 |a Chateauneuf Deglin, Rolando Alfredo  |e profesor guía  |9 796460 
245 |a Plantas medicinales, medicina natural, alimentación y cáncer. 
250 |a Primera edición 
260 |a Santiago, Chile:  |b Ocho Libros,  |c 2019. 
300 |a 688 páginas. 
500 |a c.1 Donación Escuela Agronomía. Memo Cur 25/07/2022. 
583 |c 20220830  |k Catalogador Asistente 
650 0 |9 334373  |a Plantas medicinales  |x Cáncer  
650 0 |9 508657  |a Medicina natural   |x Plantas medicinales 
650 0 |9 315942  |a Cáncer  |x Prevención y tratamientos   |x Hierbas y alimentación  
700 |a Chateauneuf, Eduardo Williams  |e colaborador  |9 876094 
942 |2 ddc  |c BK 
952 |0 0  |1 0  |2 ddc  |4 0  |6 633_880000000000000_CHA_2019  |7 0  |8 A  |9 586533  |a BIBAGR  |b BIBAGR  |c GEN  |d 2022-08-30  |e Donación  |i 5654532  |o 633.88 CHA 2019  |p 5654532  |r 2025-01-20  |t 1  |w 2022-08-30  |y BK  |k AGR